000 00722nam a2200205Ia 4500
005 20241129110154.0
008 241129s9999||||xx |||||||||||||| ||und||
037 _aTB
040 _aARTS
_bpun
_cARTS
041 _apun
_2pun
084 _aOxk 153R3
_qARTS
100 _aਕਪੂਰ, ਨਰਿੰਦਰ ਸਿੰਘ, ਚ।
245 0 _aਮੋਮਬੱਤੀਆਂ ਦਾ ਮੋਲਾ
_cਕਪੂਰ, ਨਰਿੰਦਰ ਸਿੰਘ, ਚ।
260 _aਚੰਡੀਗੜ੍ਹ, ਭਾਰਤ
_bਚੰਡੀਗੜ੍ਹ ਲੋਕਗੀਤ ਪ੍ਰਕਾਸ਼ਨ
_c2023
300 _a352ਪ੍ਰ0
365 _aINR
_b400
650 _aLiterature
942 _cTB
_hOxk 153R3
999 _c1227592
_d1227592